000 00814nam a2200253 i 4500
001 000026065
003 DO-SdBNP
005 20240130135104.0
007 ta
008 110228s2006 dr a 000 0 spa d
040 _aDO-SdBNP
_bspa
_cBNPHU
_erda
049 _aBNPD
082 4 _222
100 1 _aPacheco, Alfredo
_953007
245 1 0 _aPrograma de gestión municipal 2006-2010 :
_blimpieza y orden 24 hora /
_cAlfredo Pacheco, Sergia Elena de Selimán.
264 _aSanto Domingo :
_bPartido Revolucionario Dominicano,
_c2006.
300 _a94 páginas :
_bilustraciones ;
_c23 cm.
336 _2rdacontent
_atexto
_btxt
337 _2rdamedia
_asin mediación
_bn
338 _2rdacarrier
_avolumen
_bnc
590 _aInventariado, 2024/BT
700 1 _aSelimán, Sergia Elena de
_953008
942 _2ddc
_cLBS1
999 _c25557
_d25557